| 000 | 00473nam a22001937a 4500 | ||
|---|---|---|---|
| 003 | LK-CoDNM | ||
| 005 | 20250117142122.0 | ||
| 008 | 250117b |||||||| |||| 00| 0 eng d | ||
| 040 |
_aLK-CoDNM _dLK-CoDNM _eLK-CoDNM |
||
| 041 | _aeng | ||
| 080 |
_a11 _bP6 |
||
| 100 | _aReid,Charles | ||
| 245 | _aThe plating Engineer | ||
| 250 | _a1st Edition | ||
| 260 |
_aColombo _bThe Ceylon Government , Limited |
||
| 300 | _a370p ; 21 cm | ||
| 650 | _aScience | ||
| 942 | _cBK | ||
| 999 |
_c236797 _d236797 |
||